1590 1483 1011 1935 1450 1911 1191 1544 1663 1169 1853 1317 1658 1128 1580 1513 1622 1726 1386 1202 1993 1714 1614 1883 1952 1472 1349 1460 1676 1479 1233 1426 1989 1489 1814 1210 1805 1990 1182 1695 1926 1938 1956 1282 1986 1888 1754 1073 1467 1117 1255 1086 1252 1479 1949 1569 1341 1148 1904 1929 1191 1107 1130 1688 1745 1879 1132 1060 1041 1820 1713 1863 1895 1350 1441 1688 1095 1578 1977 1824 1070 1722 1668 1588 1320 1698 1796 1087 1572 1489 1717 1646 1972 1038 1490 1670 1564 1764 1172 BCNSPRNW ULIB Ver.6.0+V

เปลี่ยนเป็นภาษาไทย

Change to English
 แสดงรายละเอียดบรรณานุกรม
  กลับหน้าหลัก

Brief Record : Get Marc (ISO 2709) : E-mail record : QR code < ปิดหน้าต่าง
LEADER : 00000nam 2200000uu 4500
001    13399123844
003     ULIB
008    141204s2555||||th 000 0 tha d
020    ^a9789746726047
060 04 ^aWX167^bอ271ห
100 0  ^aอะเคื้อ อุณหเลขกะ
245 10 ^aหลักและแนวปฏิบัติการป้องกันการติดเชื้อในโรงพยาบาล =Prevention of nosocomial infections principles andguidelines /^cอะเคื้อ อุณหเลขกะ
246 31 ^aPrevention of nosocomial infections principles andguidelines
250    ^aพิมพ์ครั้งที่ 2
260    ^aเชียงใหม่ :^bคณะพยาบาลศาสตร์ มหาวิทยาลัยเชียงใหม่,^c2555
300    ^a(14), 590 หน้า :^bภาพประกอบ, ตาราง, แผนภูมิ
504    ^aมีบรรณานุกรมประกอบ
650  2 ^aInfection^xprevention and control^vGuidelines
650  2 ^aCross infection^xprevention and control^vGuidelines
650  7 ^aการป้องกันการติดเชื้อในโรงพยาบาล
710 20 ^aมหาวิทยาลัยเชียงใหม่.^bคณะพยาบาลศาสตร์
945    ^p750^l0^i22361
945    ^p750^l0^i22362
945    ^p750^l0^i22363
945    ^p750^l0^i22364
945    ^p750^l0^i22365
945    ^p750^l0^i22366
945    ^p750^l0^i22367
999    ^aทศพร เกษรทอง
รายการนี้ยังไม่มีแท็ก
คุณยังไม่ได้ล็อกอิน คุณสามารถมีกิจกรรมร่วมกับเว็บไซต์ได้ แต่ต้องล็อกอินก่อน ::
  ล็อกอิน

รายการสื่อสารสนเทศ

ลำดับที่ ประเภท เลขเรียก/บาร์โค้ด สถานที่ สถานะ
1. วิทยาศาสตร์การแพทย์ และสุขภาพ
หนังสือสำรอง
สถานะ=หนังสือสำรอง
WX167 อ271ห ฉ.1 
  Barcode: 22361
ห้องสมุดวิทยาเขตนครสวรรค์
►ส่วนจัดเก็บหนังสือเก่า นว.
บนชั้น
  ขอยืม
2. วิทยาศาสตร์การแพทย์ และสุขภาพ
วิทยาศาสตร์การแพทย์ และสุขภาพ
WX167 อ271ห ฉ.2 
  Barcode: 22362
ห้องสมุดวิทยาเขตนครสวรรค์
►ส่วนจัดเก็บหนังสือเก่า นว.
บนชั้น
  ขอยืม
3. วิทยาศาสตร์การแพทย์ และสุขภาพ
วิทยาศาสตร์การแพทย์ และสุขภาพ
WX167 อ271ห ฉ.3 
  Barcode: 22363
ห้องสมุดวิทยาเขตนครสวรรค์
►ส่วนจัดเก็บหนังสือเก่า นว.
บนชั้น
  ขอยืม
4. วิทยาศาสตร์การแพทย์ และสุขภาพ
วิทยาศาสตร์การแพทย์ และสุขภาพ
WX167 อ271ห ฉ.4 
  Barcode: 22364
ห้องสมุดวิทยาเขตนครสวรรค์
►ส่วนจัดเก็บหนังสือเก่า นว.
บนชั้น
  ขอยืม
5. วิทยาศาสตร์การแพทย์ และสุขภาพ
วิทยาศาสตร์การแพทย์ และสุขภาพ
WX167 อ271ห ฉ.5 
  Barcode: 22365
ห้องสมุดวิทยาเขตนครสวรรค์
►ส่วนจัดเก็บหนังสือเก่า นว.
บนชั้น
  ขอยืม
6. วิทยาศาสตร์การแพทย์ และสุขภาพ
วิทยาศาสตร์การแพทย์ และสุขภาพ
WX167 อ271ห ฉ.6 
  Barcode: 22366
ห้องสมุดวิทยาเขตนครสวรรค์
►ส่วนจัดเก็บหนังสือเก่า นว.
บนชั้น
  ขอยืม
7. วิทยาศาสตร์การแพทย์ และสุขภาพ
วิทยาศาสตร์การแพทย์ และสุขภาพ
WX167 อ271ห ฉ.7 
  Barcode: 22367
ห้องสมุดวิทยาเขตนครสวรรค์
►ส่วนจัดเก็บหนังสือเก่า นว.
บนชั้น
  ขอยืม

รายการใกล้เคียง
    ผู้แต่ง [อะเคื้อ อุณหเลขกะ]

    หัวเรื่อง [การป้องกันการติดเชื้อในโรงพยาบาล]

BibComment


ยังไม่เคยถูกคอมเมนท์

คอมเมนท์ทรัพยากรรายการนี้
  คอมเมนท์: หลักและแนวปฏิบัต..


 Copyright 2026. Bcnsprnw @Library